[Event "Olomouc op"]
[Site "Olomouc"]
[Date "2001.08.04"]
[Round "3"]
[White "Salakhutdinov, Ildar"]
[Black "Kucera, Petr"]
[Result "1-0"]
[WhiteElo "2183"]
[BlackElo "2348"]
[PlyCount "69"]
[EventDate "2001.08.02"]
[EventType "swiss"]
[EventRounds "9"]
[EventCountry "CZE"]
[SourceTitle "EXT 2002"]
[Source "ChessBase"]
[SourceDate "2001.11.25"]
[SourceVersion "1"]
[SourceVersionDate "2001.11.25"]
[SourceQuality "1"]

1. e4 e6 2. d4 d5 3. Nd2 Nc6 4. Ngf3 Nf6 5. e5 Nd7 6. Nb3 f6 7. exf6 Qxf6 8. Bg5 Qf7 9. Bb5 a5 10. a4 Bd6 11. 0-0 0-0 12. Re1 Ndb8 13. Bh4 h6 14. Bg3 b6 15. c3 Ba6 16. Qe2 Re8 17. Nc1 Bxb5 18. axb5 Na7 19. Nd3 Qd7 20. Nfe5 Qxb5 21. Qh5 Rf8 22. Nf4 Rf5 23. Qg4 Qe8 24. Nxd5 Nd7 25. Ne3 Rg5 26. Qe4 Nxe5 27. Bxe5 Bxe5 28. dxe5 Rg6 29. Rad1 h5 30. f4 Rh6 31. Rd2 Qc6 32. Qc2 h4 33. Red1 Re8 34. Ng4 Rh8 35. Nf6+ 1-0